| 000 | 00594nam a2200193 a 4500 | ||
|---|---|---|---|
| 005 | 20240113063633.0 | ||
| 008 | 991125s1979 bel 000 0 eng u | ||
| 020 | _a0534006868 | ||
| 035 | _aUPN01000007596 | ||
| 049 | _aCG | ||
| 050 | 4 |
_aLB1575.8 _bL4.2 |
|
| 100 | 1 |
_aLee, Dorris Mary Potter, _d1905- |
|
| 245 | 1 | 0 |
_aChildren and language : _breading and writing, talking and listening / _cDorris M. Lee, Joseph B. Rubin. |
| 260 |
_aBelmont (E.U.A.) : _bWadsworth, _c1979. |
||
| 300 |
_a387 p. : _bil. |
||
| 650 | 4 |
_aComunicación _99285 |
|
| 700 | 1 |
_aRubin, Joseph B., _ecoaut. |
|
| 905 | _aLibro | ||
| 999 |
_c7596 _d7596 |
||